Disease and healing in the New Testament : an analysis and interpretation (Record no. 151303)

MARC details
000 -LEADER
fixed length control field 00750nam a2200217Ia 4500
008 - FIXED-LENGTH DATA ELEMENTS--GENERAL INFORMATION
fixed length control field 191130s2001##################000#0#eng##
020 ## - INTERNATIONAL STANDARD BOOK NUMBER
ISBN 9780761819790
082 ## - DEWEY DECIMAL CLASSIFICATION NUMBER
Classification number 234.13109015 HOW
100 ## - MAIN ENTRY--AUTHOR NAME
Personal name Howard, J. Keir
245 ## - TITLE STATEMENT
Title Disease and healing in the New Testament : an analysis and interpretation
Statement of responsibility, etc J. Keir Howard
260 ## - PUBLICATION, DISTRIBUTION, ETC. (IMPRINT)
Place of publication Lanham, MD
Name of publisher University Press of America
Year of publication c2001
300 ## - PHYSICAL DESCRIPTION
Number of Pages ix, 344 p. ; 22 cm
500 ## - GENERAL NOTE
General note Includes bibliographical references (p. [303]-333) and indexes
650 ## - SUBJECT ADDED ENTRY--TOPICAL TERM
Topical Term Bible. N.T. - Criticism, interpretation, etc
Topical Term Spiritual healing - Biblical teaching
991 ## -
-- 105667
Holdings
Withdrawn status Lost status Damaged status Not for loan Home library Current library Shelving location Date acquired Full call number Accession Number Price effective from Koha item type
        Anna Centenary Library Anna Centenary Library 3RD FLOOR, B WING 12.10.2020 234.13109015 HOW 477331 12.10.2020 English Books

Find us on the map